Možnosti marketingového prieskumu a oblasti jeho využitia

Miesto marketingového prieskumu v súčasnosti. Delenie prieskumu na kvalitatívny a kvantitatívny. Metódy kvalitatívneho marketingového prieskumu: skupinová diskusia, hĺbkový rozhovor, projektívne techniky. Kvantitatívny prieskum. Porovnanie kvalitatívneho a kvantitatívneho prieskumu.

Gespeichert in:
Bibliographische Detailangaben
1. Verfasser: Vokounová, Dana, 1962-
Weitere Verfasser: Vilčeková, Lucia
Format: Buchkapitel
Sprache:Slowakisch
Schlagworte:
Tags: Tag hinzufügen
Keine Tags, Fügen Sie das erste Tag hinzu!

MARC

LEADER 00000naa$a2200000$$$4500
001 0119996
005 20240502072336.7
041 0 |a slo 
044 |a SK 
245 1 0 |a Možnosti marketingového prieskumu a oblasti jeho využitia  |c Dana Vokounová, Lucia Vilčeková 
520 |a Miesto marketingového prieskumu v súčasnosti. Delenie prieskumu na kvalitatívny a kvantitatívny. Metódy kvalitatívneho marketingového prieskumu: skupinová diskusia, hĺbkový rozhovor, projektívne techniky. Kvantitatívny prieskum. Porovnanie kvalitatívneho a kvantitatívneho prieskumu. 
610 2 0 |a marketing 
610 2 0 |a prieskum informačný 
610 2 0 |a prieskum spotrebiteľský 
610 2 0 |a zákazníci 
610 2 0 |a spotrebitelia 
610 2 0 |a správanie spotrebiteľa 
610 2 0 |a dotazníky 
100 1 |a Vokounová, Dana, 1962- 
700 1 |a Vilčeková, Lucia